000 00337nam a2200133Ia 4500
999 _c6766
_d6766
003 OSt
008 191201s2012 xx 000 0 und d
100 _aTEITELBAUM, Michael
245 0 _aMartin Luther King JR Let Freedom Ring
260 _bKALYANI MEDIA PVT. LTD.
_c2012
300 _a85
650 _aGeneral Books
942 _2ddc
_cBK